000
00313nam a22001457a 4500
999
_c
257710
_d
257709
003
OSt
005
20190910113531.0
008
190910b xxu||||| |||| 00| 0 eng d
020
_a
0789733137
040
_c
N/A
245
_a
Easy
250
_a
Fifth edition
260
_a
United states
_b
Que
942
_2
lcc
_c
BK